Horrorfilme nach Werbeslogans - Statistiken

Allgemein
  • Dieses Quiz wurde 23 mal gespielt
  • Das Durchschnittsergebnis liegt bei 7 aus 17
Antwortstatistiken
Jahr Slogan Film % Korrekt
2013 Einmal im Jahr sind alle Verbrechen legal The Purge - Die Säuberung
89%
2013 Nach den Original-Aufzeichnungen von Ed und Lorraine Warren Conjuring - Die Heimsuchung
78%
1978 Wenn Sie glauben, Sie könnten wieder beruhigt ins Wasser gehen... Der weiße Hai 2
61%
2009 Willkommen in Crystal Lake Freitag der 13.
61%
2004 Wessen Blut wird fließen? Saw
61%
2000 Ihr habt gelacht. Ihr habt geschrien. Und jetzt... seid ihr dran! Scream 3
61%
2003 Du wirst den Tod nicht überholen. Final Destination 2
50%
1978 Die Nacht, in der er nach Hause kam... Halloween - Die Nacht des Grauens
50%
1984 Wenn Traum und Wirklichkeit die Rollen tauschen, kann Schlaf tödlich sein. Nightmare - Mörderische Träume
50%
1989 Manchmal ist es besser tot zu sein. Friedhof der Kuscheltiere
28%
2007 Der letzte Mensch auf der Erde ist nicht allein. I Am Legend
28%
1992 Wagen Sie es ja nicht, seinen Namen fünfmal auszusprechen Candymans Fluch
22%
2004 Wenn in der Hölle kein Platz ist, kommen die Toten auf die Erde. Dawn of the Dead
22%
2017 Ist jeder, der eingeladen ist, auch wirklich willkommen? Get Out
17%
1987 Dämonen für manche. Engel für andere. Hellraiser - Das Tor zur Hölle
17%
1998 Einchecken. Auspacken. Entspannen. Duschen. Psycho
17%
1999 Köpfe werden rollen Sleepy Hollow
0%
Keine übereinstimmenden Quizze gefunden
Verteilung der Resultate
Anzahl Personen mit jedem Resultat
Perzentil nach korrekt beantworteten Fragen
Ihre Resultats-Entwicklung
Sie haben dieses Quiz noch nicht gespielt